00309 a2200109 4500020001500000082001400015100001200029245005800041260004500099300003200144650002300176 a8183240305 a627.4 MAN aMani, R aWatershed Planning and Employment Generation/cR Mani aNew Delhi :bA Mittal Publication,c2006 axii, 185p. :bill. ;c21 cm aWatershed Planning